| 000 | 00000nam 2200000za 4500 |
| 001 | 9.820281 |
| 003 | CaOODSP |
| 005 | 20221107143155 |
| 007 | cr ||||||||||| |
| 008 | 160630t20172012oncd #ob f000 0 fre d |
| 020 | |a978-0-660-05780-4 |
| 040 | |aCaOODSP|bfre |
| 043 | |an-cn--- |
| 086 | 1 |aA29-2/17-2016F-PDF |
| 110 | 1 |aCanada. |bAgriculture et agroalimentaire Canada. |bBureau de la vérification et de l'évaluation. |
| 245 | 10|aÉvaluation du Fonds Agri-flexibilité |h[ressource électronique] : |brapport / |cBureau de la vérification et de l’évaluation. |
| 260 | |a[Ottawa] : |bAgriculture et Agroalimentaire Canada, |cc2012, 2017. |
| 300 | |a64 p. : |bgraphiques |
| 500 | |aTitre pris sur la couv. |
| 500 | |aPubl. aussi en anglais sous le titre : Evaluation of the Agricultural Flexibility Fund : report. |
| 504 | |aComprend des réf. bibliogr. |
| 520 | |a« Le Bureau de vérification et d’évaluation d’Agriculture et Agroalimentaire Canada (AAC) a évalué les activités liées au Fonds Agri-flexibilité menées du 1 avril 2009 au 31 mars 2014. L’évaluation avait pour but de déterminer la pertinence et le rendement des trois types d’initiatives du Fonds Agri-flexibilité (initiatives relevant uniquement du gouvernement fédéral, initiatives fédérales-provinciales-territoriales [FPT] à frais partagés et initiatives dirigées par l’industrie). » -- Résumé, p. 1. |
| 692 | 07|2gccst|aAide à l'agriculture |
| 692 | 07|2gccst|aProgramme fédéral |
| 692 | 07|2gccst|aÉvaluation |
| 775 | 08|tEvaluation of the Agricultural Flexibility Fund |w(CaOODSP)9.820280 |
| 856 | 40|qPDF|s1.09 Mo|uhttps://publications.gc.ca/collections/collection_2017/aac-aafc/A29-2-17-2016-fra.pdf |
| 986 | |aAAFC Pub no: 12510F |